Normal view MARC view
  • Jennings, Ken

Entry Personal Name

Number of records used in: 1

001 - CONTROL NUMBER

  • control field: 26414

003 - CONTROL NUMBER IDENTIFIER

  • control field: IN-BhIIT

005 - DATE AND TIME OF LATEST TRANSACTION

  • control field: 20250912182035.0

008 - FIXED-LENGTH DATA ELEMENTS

  • fixed length control field: 250912|| aca||aabn | a|a d

040 ## - CATALOGING SOURCE

  • Original cataloging agency: IN-BhIIT
  • Transcribing agency: IN-BhIIT

100 ## - HEADING--PERSONAL NAME

  • Personal name: Jennings, Ken

670 ## - SOURCE DATA FOUND

  • Source citation: Work cat.: (IN-BhIIT)14901: Jennings, Ken, Author., 100 places to see after you die :, 202.

Central Library, Indian Institute of Technology Bhubaneswar, 4th Floor, Administrative Building, Argul, Khordha, PIN-752050, Odisha, India
Phone: +91-674-7138750 | Email: circulation.library@iitbbs.ac.in (For circulation related queries),
Email: info.library@iitbbs.ac.in (For other queries)